Measurement systems (Record no. 136224)

000 -LEADER
fixed length control field 00322nam a2200121Ia 4500
008 - FIXED-LENGTH DATA ELEMENTS--GENERAL INFORMATION
fixed length control field 220120s9999||||xx |||||||||||||| ||und||
082 ## - DEWEY DECIMAL CLASSIFICATION NUMBER
Classification number 621.381 DOE
100 ## - MAIN ENTRY--PERSONAL NAME
Personal name Doebelin, Ernest O and Manik, Dhanesh N
245 #0 - TITLE STATEMENT
Title Measurement systems
260 ## - PUBLICATION, DISTRIBUTION, ETC.
Name of publisher, distributor, etc. Bangalore
Date of publication, distribution, etc. 2006
300 ## - PHYSICAL DESCRIPTION
Extent 953p.
Other physical details 225
650 ## - SUBJECT ADDED ENTRY--TOPICAL TERM
Topical term or geographic name entry element NETWORK ANALYSIS
Holdings
Withdrawn status Lost status Damaged status Not for loan Collection code Home library Current library Date acquired Barcode Date last seen Price effective from Koha item type
        Mechanical Engineering Central Library Central Library 01/20/2022 GF83 10/15/2022 01/20/2022 Gift Books

Powered by Koha